000 00500nam a2200181Ia 4500
005 20250508152823.0
008 008 250505s9999 xx 000 0 hin d
037 _aTextual
040 _aFEDL
_beng
_cFEDL
041 _ahin
_2hin
084 _a491.43, CHA
_qFEDL
100 _aChaturvedi Ram Swaroup
_9762473
245 0 _aAgra jile ki boli
260 _aAllahabad, India
_bHindustani Academy
_c1961
300 _a172p
942 _cTEXL
_h491.43, CHA
999 _c1338973
_d1338973